000 00339 a2200157 4500
001 177031
020 _a
040 _cMagnum
100 _aMachado, Angelo
240 1 0 _aA barba do velho barba
_lpor
245 1 0 _aA barba do velho barba
362 0 _a1899
440 1 _aLĂȘ
697 _aMAGNITO: IJ/SOCIEDADE COTIDIAN
942 _cBK
999 _c177031
_d177031